| 000 | 00875nam0a22002291 4500 | ||
|---|---|---|---|
| 001 | v19\rc\2088341 | ||
| 005 | 20250620043540.0 | ||
| 035 | _a(NLR Aleph) 005174672 | ||
| 090 |
_a5093363 _c5093363 |
||
| 100 | _a20081218d1913 |||y0rusy50 ca | ||
| 101 | 0 | _arus | |
| 102 | _aRU | ||
| 105 | _ay z ||||| | ||
| 200 | 1 | _aБлаженный Николай Матфеевич Рынин, христа ради юродивый подвизавшийся в Вологде | |
| 210 |
_aВологда _cБогородице-кладбищенская церковь _d1913 |
||
| 700 | 0 |
_aНеофит _cСледников, Николай Николаевич _f1874-1918 |
|
| 790 | 1 |
_aСледников _bН.Н. _f1874-1918 _gНиколай Николаевич |
|
| 801 | 0 |
_aRU _bNLR _gpsbo |
|
| 801 | 1 |
_aRU _bProSoft-M _2rusmarc |
|
| 852 |
_aNLR _j18.258.9.412 |
||
| 942 | _cBOOK | ||
| 980 | _aNB | ||